000 00633nam a22002057a 4500
005 20260515115049.0
008 250227b |||||||| |||| 00| 0 eng d
020 _a9789358494464
040 _aIN-DiNC
_cIN-DiNC
041 _dasm
082 _a954
_bHUS
100 _aHussain, Tachadduk Amanul
_eauthor
245 _aBharatbarshar itihas:
_bshastha khanda/1750-1857 (Major8)/
_cby Tachadduk Amanul Hussain and Pranjal Bhuyan
250 _a1st ed.
260 _aDibrugarh:
_bBanalata,
_c2025.
300 _a215p.
650 _aHistory of India: part vi/1750-1857 (Major8)
700 _aBhuyan, Pranjal
_eauthor
942 _2ddc
_cBK
999 _c12053
_d12053